Listen up! (Record no. 105586)
[ view plain ]
| 000 -LEADER | |
|---|---|
| fixed length control field | 01356cam a2200289 4500 |
| 001 - CONTROL NUMBER | |
| control field | ##L134181 |
| 008 - FIXED-LENGTH DATA ELEMENTS--GENERAL INFORMATION | |
| fixed length control field | 060717n2006 000 0 eng u |
| 035 ## - SYSTEM CONTROL NUMBER | |
| System control number | (Sirsi) u134181 |
| 041 0# - LANGUAGE CODE | |
| Language code of text/sound track or separate title | eng |
| 050 04 - LIBRARY OF CONGRESS CALL NUMBER | |
| Classification number | 711.4 $2 18 |
| 100 1# - MAIN ENTRY--PERSONAL NAME | |
| Personal name | Ellis, Hugh |
| 245 00 - TITLE STATEMENT | |
| Title | Listen up! |
| Remainder of title | community involvement in the planning system: seven case studies |
| 260 ## - PUBLICATION, DISTRIBUTION, ETC. | |
| Place of publication, distribution, etc. | London |
| Name of publisher, distributor, etc. | FoE |
| Date of publication, distribution, etc. | 2006 |
| 520 ## - SUMMARY, ETC. | |
| Summary, etc. | Demonstrates the positive contribution that local community voices can play in the planning process. Provides seven case studies that show that community groups are not always nimby protesters negatively opposed to any kind of development but can in many cases contribute to a better outcome for all concerned including the developers: Skelmersdale landfill, Calderdale, Bath Southgate, Dibden Bay, Hampshire, Saffron Walden, South Hams, Devon and Doe Lea, Derbyshire. |
| 590 ## - LOCAL NOTE (RLIN) | |
| Local note | IKA180706 |
| 651 #4 - SUBJECT ADDED ENTRY--GEOGRAPHIC NAME | |
| Geographic name | England |
| Chronological subdivision | 886- |
| 690 ## - LOCAL SUBJECT ADDED ENTRY--TOPICAL TERM (OCLC, RLIN) | |
| Topical term or geographic name as entry element | ENVIRONMENTAL AND LAND CONSULTANCY-PLANNING AND DEVELOPMENT-DEVELOPMENT CONTROL |
| 700 1# - ADDED ENTRY--PERSONAL NAME | |
| Personal name | Beasley, David |
| 700 1# - ADDED ENTRY--PERSONAL NAME | |
| Personal name | Escott, Delia |
| 700 1# - ADDED ENTRY--PERSONAL NAME | |
| Personal name | Trafford, Tony |
| 700 1# - ADDED ENTRY--PERSONAL NAME | |
| Personal name | Melia, Steve |
| 700 1# - ADDED ENTRY--PERSONAL NAME | |
| Personal name | Ellis, Del |
| 700 1# - ADDED ENTRY--PERSONAL NAME | |
| Personal name | Dale, Pat |
| 700 1# - ADDED ENTRY--PERSONAL NAME | |
| Personal name | Rae, Anthony |
| 856 40 - ELECTRONIC LOCATION AND ACCESS | |
| Uniform Resource Identifier | <a href="https://www.foe.co.uk/resource/local/planning/index.html">https://www.foe.co.uk/resource/local/planning/index.html</a> |
| Public note | View the case studies free of charge at www.foe.co.uk... |
| 942 ## - ADDED ENTRY ELEMENTS (KOHA) | |
| Suppress in OPAC | 0 |
| Withdrawn status | Lost status | Source of classification or shelving scheme | Damaged status | Not for loan | Home library | Current library | Shelving location | Date acquired | Total Checkouts | Full call number | Barcode | Date last seen | Copy number | Price effective from | Koha item type |
|---|---|---|---|---|---|---|---|---|---|---|---|---|---|---|---|
| Dewey Decimal Classification | Virtual | Virtual | Online | 17/07/2006 | ONLINE PUBLICATION | 134181-2001 | 06/08/2019 | 1 | 06/08/2019 | Book |